Φορτώνει......

Fungi /

Λεπτομέρειες βιβλιογραφικής εγγραφής
Κύριος συγγραφέας: Singh,, Sanjay Kumar
Μορφή: Printed Book
Γλώσσα:English
Έκδοση: New Delhi: Campus, 2012.
Έκδοση:1
Θέματα:
LEADER 00596cam a2200217ua 4500
008 140422t2012||||||||||| 00 ||eng c
020 |a 8180301435 
041 0 |a eng 
082 |a 579.5  |b SIN/F 
100 0 |a Singh,, Sanjay Kumar 
245 1 0 |a Fungi /  
250 |a 1 
260 |a New Delhi:  |b Campus,  |c 2012. 
300 |a 332. 
362 1 |a 2012. 
365 |a Rs.895/- 
650 |a Microorganism 
650 0 |a Fungi-Algae 
942 |c BK 
999 |c 30052  |d 30052 
952 |0 0  |1 0  |4 0  |6 579_500000000000000_SIN  |7 0  |9 31860  |a KUCL  |b KUCL  |d 2014-05-23  |l 1  |o 579.5 SIN/  |p 32380  |r 2018-10-03  |s 2018-08-08  |w 2014-05-23  |y BK